书目信息 |
| 题名: |
Photoshop CS中文版实训教程
|
|
| 作者: | 史广飞 , 花蕾 , 高建光 编著 | |
| 分册: | ||
| 出版信息: | 北京 电子工业出版社 2005.8 |
|
| 页数: | XIV,302页 | |
| 开本: | 26cm | |
| 丛书名: | 新时代电脑教育丛书 | |
| 单 册: | ||
| 中图分类: | TP391.41 | |
| 科图分类: | ||
| 主题词: | 图象处理--tu xiang chu li--应用软件--教材 , 应用软件--ying yong ruan jian | |
| 电子资源: | ||
| ISBN: | 7-121-01204-9 | |
| 000 | 01239nam0 2200349 450 | |
| 000 | 01259nam0 2200349 450 | |
| 000 | 01222nam0 2200337 450 | |
| 000 | 01179nam0 2200325 450 | |
| 000 | 01168nam0 2200325 450 | |
| 000 | 01131nam0 2200313 45 | |
| 001 | 012005000000 | |
| 005 | 20051107101010.0 | |
| 010 | @a7-121-01204-9@dCNY26.00 | |
| 100 | @a20051107d2005 em y0chiy0121 ea | |
| 101 | 0 | @achi |
| 102 | @aCN@b110000 | |
| 105 | @ay z 000yy | |
| 200 | 1 | @aPhotoshop CS中文版实训教程@APhotoshop CS zhong wen ban shi xun jiao cheng@f史广飞,花蕾,高建光等编著 |
| 210 | @a北京@c电子工业出版社@d2005.8 | |
| 215 | @aXIV,302页@d26cm | |
| 225 | 2 | @a新时代电脑教育丛书@Axin shi dai dian nao jiao yu cong shu |
| 330 | @a本书讲解了Photoshop CS中文版的基本功能及常用工具,并对图层、通道、蒙版、路径、选区、文字、滤镜及各种填充方法进行了介绍。 | |
| 461 | 0 | @12001 @a新时代电脑教育丛书 |
| 606 | 0 | @a图象处理@Atu xiang chu li@x应用软件@j教材 |
| 606 | 0 | @a应用软件@Aying yong ruan jian |
| 610 | 0 | @aPhotoshop |
| 690 | @aTP391.41@v4 | |
| 701 | 0 | @a史广飞@Ashi guang fei@4编著 |
| 701 | 0 | @a花蕾@Ahua lei@4编著 |
| 701 | 0 | @a高建光@Agao jian guang@4编著 |
| 801 | 0 | @aCN@bSRXX@c20051107 |
| 905 | @a10447@dTP391.41@eS575 | |
| Photoshop CS中文版实训教程/史广飞,花蕾,高建光等编著.-北京:电子工业出版社,2005.8 |
| XIV,302页;26cm.-(新时代电脑教育丛书) |
| ISBN 7-121-01204-9:CNY26.00 |
| 本书讲解了Photoshop CS中文版的基本功能及常用工具,并对图层、通道、蒙版、路径、选区、文字、滤镜及各种填充方法进行了介绍。 |
| ● |
| 相关链接 |
|
|
|
正题名:Photoshop CS中文版实训教程
索取号:TP391.41/S575
 
预约/预借
| 序号 | 登录号 | 条形码 | 馆藏地/架位号 | 状态 | 备注 |
| 1 | 547488 | 205474887 | 自科库301/301自科库 67排5列3层/ [索取号:TP391.41/S575] | 在馆 | |
| 2 | 547489 | 205474896 | 自科库301/301自科库 64排7列4层/ [索取号:TP391.41/S575] | 在馆 | |
| 3 | 547490 | 205474903 | 自科库301/301自科库 67排5列3层/ [索取号:TP391.41/S575] | 在馆 |